| 000 | 00789nam a2200217 a 4500 | ||
|---|---|---|---|
| 999 |
_c2466 _d2466 |
||
| 001 | 2466 | ||
| 003 | BD-JhCC | ||
| 005 | 20171102191534.0 | ||
| 008 | 171102s1987 bg |||| ||a| 000 0 ben d | ||
| 035 | _a(BD-JhCC)2466 | ||
| 040 |
_aBD-JhCC _dBD-JhCC |
||
| 041 | _aben | ||
| 082 |
_a891.4409 _bAHM 1987 |
||
| 100 | _aআহমদ, ওয়াকিল | ||
| 245 |
_aআধুনিক বাংলা সাহিত্য প্রতিভা : স্বাতন্ত্র বিচার / _cওয়াকিল আহমদ, (সম্পাদিত) |
||
| 260 |
_aঢাকা : _bএশিয়াটিক সোসাইটি অব বাংলাদেশ, _c1987 |
||
| 300 |
_a276 p. : _c22 cm. |
||
| 650 | _aBengali Literature | ||
| 942 |
_2ddc _cBK |
||